the speckled canvas : (Record no. 98032)
[ view plain ]
| 000 -LEADER | |
|---|---|
| fixed length control field | 00635nam a22001817a 4500 |
| 005 - DATE AND TIME OF LATEST TRANSACTION | |
| control field | 20160114105958.0 |
| 010 ## - LCCN (DPL NO) | |
| LC control number | ENG-114442 |
| 020 ## - INTERNATIONAL STANDARD BOOK NUMBER | |
| Terms of availability | 500.00 |
| International Standard Book Number | 9788180642173 |
| 035 ## - SYSTEM CONTROL NUMBER | |
| System control number | EN-97974 |
| 037 ## - SOURCE OF ACQUISITION | |
| Source of stock number/acquisition | DBAD/PUB |
| 082 ## - DEWEY DECIMAL CLASSIFICATION NUMBER | |
| Classification number | 954.52 |
| 245 ## - TITLE STATEMENT | |
| Title | the speckled canvas : |
| Remainder of title | a contemporary transdisciplinary probe into the society literature and culture of Bengal over last hundred years 1913-2013 / |
| 260 ## - PUBLICATION, DISTRIBUTION, ETC. (IMPRINT) | |
| Place of publication, distribution, etc | Kolkata |
| Name of publisher, distributor, etc | Progressive Publishers |
| Date of publication, distribution, etc | 2015 |
| 270 ## - ADDRESS | |
| Address | 37A, College Street |
| City | Kolkata |
| Postal code | 700073 |
| 300 ## - PHYSICAL DESCRIPTION | |
| Extent | 542p. |
| Dimensions | 23cm(Hb) |
| 500 ## - GENERAL NOTE | |
| General note | Includes bibliographical references |
| 942 ## - ADDED ENTRY ELEMENTS (KOHA) | |
| Source of classification or shelving scheme | Dewey Decimal Classification |
| Item type | English Books |
| Call number suffix | SPE |
| Classification part | 954.52 |
| Withdrawn status | Lost status | Not for loan | Collection code | Home library | Current library | Date acquired | Source of acquisition | Cost, normal purchase price | Full call number | Barcode | Copy number | Cost, replacement price | Koha item type |
|---|---|---|---|---|---|---|---|---|---|---|---|---|---|
| Not For Loan | Non-fiction | D.B.Act.Division | D.B.Act.Division | 29/10/2015 | DBAD/PUB | 500.00 | 954.52 SPE | EN-97974 | 1 | 500.00 | English Books |
